[Event "Hamburg Harburg 12th G"]
[Site "Hamburg"]
[Date "2017.08.05"]
[Round "2.1"]
[White "Schmidt, Aliyah"]
[Black "Bosse, Christian"]
[Result "0-1"]
[WhiteElo "1176"]
[BlackElo "1548"]
[PlyCount "80"]
[EventDate "2017.08.06"]
[EventType "tourn"]
[EventRounds "5"]
[EventCountry "GER"]
[SourceDate "2017.08.14"]
[WhiteTeam "SK Weisse Dame Hamburg"]
[BlackTeam "Schachfreunde Nordost Berlin"]

1. e4 Nf6 2. e5 Nd5 3. d4 d6 4. c4 Nb6 5. f4 dxe5 6. fxe5 Bf5 7. Nf3 e6 8. a3
Nc6 9. Nc3 g6 10. Be3 Bg7 11. h3 O-O 12. g4 Ne7 13. gxf5 Nxf5 14. Bg5 Qd7 15.
Qd2 Qc6 16. Qd3 h6 17. Bd2 Ng3 18. Rg1 Nxf1 19. Rxf1 Nxc4 20. O-O-O Nb6 21. Qb5
Nc4 22. Qxc6 bxc6 23. Kb1 Rab8 24. Bc1 Nxa3+ 25. Ka2 Nc4 26. Nd2 Ne3 27. Nde4
Nxf1 28. Rxf1 Rfd8 29. Ne2 Bf8 30. Bd2 c5 31. Ba5 Rb5 32. Bxc7 Rc8 33. Bd6 cxd4
34. Nxd4 Ra5+ 35. Kb3 Bg7 36. Nf6+ Bxf6 37. Rxf6 Rd5 38. Nf3 Rb5+ 39. Ka3 Rc1
40. Nd4 Ra1# 0-1

[Event "Hamburg Harburg 12th G"]
[Site "Hamburg"]
[Date "2017.08.05"]
[Round "3.2"]
[White "Botermann, Paul"]
[Black "Herzog, Mike"]
[Result "0-1"]
[WhiteElo "1160"]
[BlackElo "1296"]
[PlyCount "48"]
[EventDate "2017.08.06"]
[EventType "tourn"]
[EventRounds "5"]
[EventCountry "GER"]
[SourceDate "2017.08.14"]
[WhiteTeam "Hamburger SK von 1830 eV"]
[BlackTeam "SC Turm Lüneburg e.V."]

1. e4 d5 2. d3 dxe4 3. d4 c6 4. Nc3 Nf6 5. Bg5 Bf5 6. Nh3 h6 7. Bxf6 exf6 8.
Bc4 Bb4 9. Qd2 Nd7 10. O-O-O Qe7 11. a3 Ba5 12. Rhe1 O-O 13. Re3 Rad8 14. Nf4
Bc7 15. g3 Ne5 16. Qe2 Bg4 17. f3 Bxf3 18. Qe1 Nxc4 19. Rxf3 f5 20. Rf1 g6 21.
Rg1 Ba5 22. Qe2 Nxa3 23. Qe3 Nc4 24. Qe2 Qb4 0-1

[Event "Hamburg Harburg 12th G"]
[Site "Hamburg"]
[Date "2017.08.05"]
[Round "3.1"]
[White "Bildat, Emilia"]
[Black "Schmidt, Aliyah"]
[Result "1/2-1/2"]
[WhiteElo "1308"]
[BlackElo "1176"]
[PlyCount "79"]
[EventDate "2017.08.06"]
[EventType "tourn"]
[EventRounds "5"]
[EventCountry "GER"]
[SourceDate "2017.08.14"]
[WhiteTeam "SC Turm Lüneburg e.V."]
[BlackTeam "SK Weisse Dame Hamburg"]

1. d4 d5 2. Bf4 e6 3. e3 Nf6 4. Nf3 Be7 5. h3 b6 6. Bd3 Bb7 7. c3 Nbd7 8. Nbd2
c5 9. O-O O-O 10. Ne5 Nxe5 11. Bxe5 c4 12. Bc2 Bd6 13. Bxd6 Qxd6 14. Nf3 Rfe8
15. Ne5 Nd7 16. Ba4 Bc8 17. Bc6 Rb8 18. Qa4 Re7 19. Nxd7 Bxd7 20. Bxd7 Qxd7 (
20... Rxd7 21. Qxd7 Qxd7) 21. Qxd7 Rxd7 22. b3 a5 23. bxc4 dxc4 24. Rfd1 Rbd8
25. Rd2 e5 26. Rad1 exd4 27. Rxd4 Rxd4 28. Rxd4 Rxd4 29. exd4 {[#]} Kf8 (29...
b5 30. Kf1 b4 31. Ke1) 30. Kf1 Ke7 31. Ke2 b5 32. Kd2 Ke6 33. Kc2 Kd5 34. a3 a4
35. g4 g6 36. Kd2 Ke4 37. f3+ Kf4 {Schwarz muss auf das Quadrat aufpassen!} 38.
h4 h6 39. h5 g5 $4 40. Kc2 (40. d5 $18 Ke5 41. f4+ gxf4 42. g5) 1/2-1/2

[Event "Hamburg Harburg 12th G"]
[Site "Hamburg"]
[Date "2017.08.05"]
[Round "3.3"]
[White "Bosse, Christian"]
[Black "Eichelbaum, Georg"]
[Result "1/2-1/2"]
[WhiteElo "1548"]
[BlackElo "1353"]
[PlyCount "73"]
[EventDate "2017.08.06"]
[EventType "tourn"]
[EventRounds "5"]
[EventCountry "GER"]
[SourceDate "2017.08.14"]
[WhiteTeam "Schachfreunde Nordost Berlin"]
[BlackTeam "SV Glück auf Rüdersdorf e.V."]

1. c4 e5 2. g3 Nf6 3. Bg2 c5 4. Nc3 Nc6 5. d3 Be7 6. e4 O-O 7. Nge2 d6 8. O-O
Be6 9. a3 Qd7 10. f4 Bg4 11. Qc2 Nh5 12. Bf3 exf4 13. Bxf4 Nxf4 14. Bxg4 Nh3+
15. Bxh3 Qxh3 16. Nf4 Qg4 17. Ng2 Nd4 18. Qd1 Qg6 19. Ne2 Ne6 20. Nef4 Qg5 21.
Nxe6 fxe6 22. Qa4 Bf6 23. Rab1 Bd4+ 24. Kh1 Qe7 25. b4 Rxf1+ 26. Rxf1 Rf8 27.
Nf4 g5 28. Qc2 gxf4 29. gxf4 Qg7 30. Qd1 Kf7 31. f5 Ke7 32. bxc5 Bxc5 33. Qb1
b6 34. Qd1 Rg8 35. f6+ Qxf6 36. Rxf6 Kxf6 37. Qf3+ (37. d4 $18) 1/2-1/2

[Event "Hamburg Harburg 12th G"]
[Site "Hamburg"]
[Date "2017.08.06"]
[Round "4.3"]
[White "Bildat, Emilia"]
[Black "Botermann, Paul"]
[Result "1-0"]
[WhiteElo "1308"]
[BlackElo "1160"]
[PlyCount "57"]
[EventDate "2017.08.06"]
[EventType "tourn"]
[EventRounds "5"]
[EventCountry "GER"]
[SourceDate "2017.08.14"]
[WhiteTeam "SC Turm Lüneburg e.V."]
[BlackTeam "Hamburger SK von 1830 eV"]

1. d4 Nf6 2. Bf4 d5 3. e3 a6 4. Nd2 Nc6 5. Be2 e6 6. Ngf3 Bd6 7. Ne5 Bd7 8. c3
h6 9. h3 g5 10. Bh2 Ne4 11. Bh5 Bxe5 12. dxe5 Qe7 13. Nxe4 dxe4 14. Qc2 O-O-O
15. Qxe4 f6 16. exf6 Qxf6 17. Qf3 Qe7 18. O-O-O Rhf8 19. Qg3 Be8 20. Bxe8 Rdxe8
21. Rd2 e5 22. Qg4+ Kb8 23. Bg3 Rd8 24. Rxd8+ Rxd8 25. Rd1 Rxd1+ 26. Qxd1 e4
27. Qd5 Qe8 28. Qf5 Qd8 29. Qxe4 1-0

[Event "Hamburg Harburg 12th G"]
[Site "Hamburg"]
[Date "2017.08.06"]
[Round "4.2"]
[White "Herzog, Mike"]
[Black "Bosse, Christian"]
[Result "1-0"]
[WhiteElo "1296"]
[BlackElo "1548"]
[PlyCount "85"]
[EventDate "2017.08.06"]
[EventType "tourn"]
[EventRounds "5"]
[EventCountry "GER"]
[SourceDate "2017.08.14"]
[WhiteTeam "SC Turm Lüneburg e.V."]
[BlackTeam "Schachfreunde Nordost Berlin"]

1. d4 Nf6 2. Bf4 e6 3. c4 b6 4. e3 Bb7 5. Nf3 Bb4+ 6. Nc3 O-O 7. a3 Bxc3+ 8.
bxc3 d6 9. Be2 h6 10. h3 Nbd7 11. O-O Ne4 12. Qc2 c5 13. Bd3 f5 14. Nd2 Ndf6
15. Rab1 Qe7 16. Bh2 Rac8 17. a4 Ba8 18. Nb3 a5 19. f3 Ng5 20. Nd2 Nd7 21. e4
cxd4 22. exf5 dxc3 23. Qxc3 e5 24. Qb3 Nc5 25. Qa3 Qd8 26. Rbd1 Bc6 27. Bc2 Bd7
28. f4 Nf7 29. f6 g5 30. fxg5 Nxg5 31. Qg3 Rxf6 32. Rxf6 Qxf6 33. Rf1 Qg7 34.
h4 Nge6 35. Qe3 Bxa4 36. Bf5 Bd7 37. Ne4 Nxe4 38. Qxe4 Nc5 39. Qd5+ Kh8 40.
Bxd7 Qxd7 41. Rf6 Qg7 42. Rxd6 Rg8 43. Bxe5 1-0

[Event "Hamburg Harburg 12th G"]
[Site "Hamburg"]
[Date "2017.08.06"]
[Round "4.1"]
[White "Schmidt, Aliyah"]
[Black "Eichelbaum, Georg"]
[Result "1/2-1/2"]
[WhiteElo "1176"]
[BlackElo "1353"]
[PlyCount "60"]
[EventDate "2017.08.06"]
[EventType "tourn"]
[EventRounds "5"]
[EventCountry "GER"]
[SourceDate "2017.08.14"]
[WhiteTeam "SK Weisse Dame Hamburg"]
[BlackTeam "SV Glück auf Rüdersdorf e.V."]

1. e4 e5 2. Nf3 Nc6 3. d4 exd4 4. Nxd4 Bc5 5. Be3 Qf6 6. c3 Nge7 7. g3 O-O 8.
Bg2 d5 9. Nxc6 Qxc6 10. Bxc5 Qxc5 11. exd5 Rd8 12. O-O Be6 13. Qb3 Bxd5 14.
Bxd5 Qxd5 15. Qxd5 Rxd5 16. Re1 Ng6 17. Na3 Rad8 18. Kg2 h5 19. b3 a6 20. Nc2
b5 21. Nd4 Ne5 22. Rxe5 Rxe5 23. Nc6 Rde8 24. Nxe5 Rxe5 25. Rd1 Re2 26. Rd8+
Kh7 27. Rc8 Rxa2 28. Rxc7 Ra3 29. b4 f6 30. h4 Kh6 1/2-1/2

[Event "Hamburg Harburg 12th G"]
[Site "Hamburg"]
[Date "2017.08.06"]
[Round "5.1"]
[White "Botermann, Paul"]
[Black "Schmidt, Aliyah"]
[Result "1-0"]
[WhiteElo "1160"]
[BlackElo "1176"]
[PlyCount "47"]
[EventDate "2017.08.06"]
[EventType "tourn"]
[EventRounds "5"]
[EventCountry "GER"]
[SourceDate "2017.08.14"]
[WhiteTeam "Hamburger SK von 1830 eV"]
[BlackTeam "SK Weisse Dame Hamburg"]

1. e4 c5 2. Nf3 d6 3. Bc4 Nf6 4. d3 e6 5. Nc3 Be7 6. Bg5 a6 7. d4 cxd4 8. Nxd4
b5 9. Bb3 Bb7 10. Bxf6 Bxf6 11. Qd3 Nd7 12. O-O-O Nc5 13. Qg3 Nxe4 14. Nxe4
Bxe4 15. f3 Be5 16. Qg4 Bg6 17. f4 Bf6 18. Rhe1 O-O 19. h4 Bxh4 20. Rh1 Bf6 21.
f5 exf5 22. Nxf5 Qc8 23. Rhf1 Be5 24. Ne7+ 1-0

[Event "Hamburg Harburg 12th G"]
[Site "Hamburg"]
[Date "2017.08.06"]
[Round "5.3"]
[White "Eichelbaum, Georg"]
[Black "Herzog, Mike"]
[Result "0-1"]
[WhiteElo "1353"]
[BlackElo "1296"]
[PlyCount "50"]
[EventDate "2017.08.06"]
[EventType "tourn"]
[EventRounds "5"]
[EventCountry "GER"]
[SourceDate "2017.08.14"]
[WhiteTeam "SV Glück auf Rüdersdorf e.V."]
[BlackTeam "SC Turm Lüneburg e.V."]

1. e4 d5 2. exd5 Nf6 3. Nf3 Nxd5 4. d4 Bf5 5. a3 Nd7 6. Bc4 c6 7. Nc3 N7f6 8.
O-O g6 9. Bg5 Bg7 10. Re1 Be6 11. Qd2 O-O 12. Bh6 Ng4 13. Bxg7 Kxg7 14. Ng5 Qd6
15. g3 h6 16. Nxe6+ fxe6 17. Ne4 Qc7 18. h3 Nxf2 19. Nxf2 Qxg3+ 20. Kf1 Qxh3+
21. Ke2 Qf3+ 22. Kf1 Nf4 23. Re3 Qg2+ 24. Ke1 Qg1+ 25. Bf1 Ng2+ 0-1

[Event "Hamburg Harburg 12th G"]
[Site "Hamburg"]
[Date "2017.08.06"]
[Round "5.2"]
[White "Bosse, Christian"]
[Black "Bildat, Emilia"]
[Result "1-0"]
[WhiteElo "1548"]
[BlackElo "1308"]
[PlyCount "73"]
[EventDate "2017.08.06"]
[EventType "tourn"]
[EventRounds "5"]
[EventCountry "GER"]
[SourceDate "2017.08.14"]
[WhiteTeam "Schachfreunde Nordost Berlin"]
[BlackTeam "SC Turm Lüneburg e.V."]

1. c4 e5 2. g3 Nf6 3. Bg2 Bc5 4. Nc3 d6 5. e3 Nc6 6. Nge2 O-O 7. O-O Bf5 8. a3
Bd3 9. Nd5 Bxc4 10. Nxf6+ Qxf6 11. d3 Be6 12. b4 Bb6 13. Bb2 Qg6 14. d4 exd4
15. Bxd4 Bxd4 16. Nxd4 Nxd4 17. Qxd4 Rfb8 18. Rac1 Qg4 19. Qxg4 Bxg4 20. Rxc7
Be2 21. Rfc1 Ba6 22. Bd5 Rf8 23. Bxb7 Bxb7 24. Rxb7 Rfb8 25. Rxb8+ Rxb8 26. Rc7
a6 27. Ra7 Kf8 28. Rxa6 Ke7 29. Kg2 Ke6 30. Kf3 f5 31. Ra7 Kf6 32. h4 h5 33.
Ra5 Ke6 34. Ra7 g6 35. Rc7 Ra8 36. Rc3 Kd5 37. Kf4 1-0

[Event "Hamburg Harburg 12th I"]
[Site "Hamburg"]
[Date "2017.08.04"]
[Round "1.1"]
[White "Torres, Bryan Jonnel"]
[Black "Krueger, Dietrich"]
[Result "1-0"]
[WhiteElo "1125"]
[BlackElo "1305"]
[PlyCount "69"]
[EventDate "2017.08.06"]
[EventType "swiss"]
[EventRounds "5"]
[EventCountry "GER"]
[SourceDate "2017.08.14"]
[WhiteTeam "SC Diogenes e.V."]
[BlackTeam "Barmbeker SK 1926 eV"]

1. e4 Nc6 2. Nf3 a6 3. Bc4 e6 4. Nc3 Bb4 5. O-O b5 6. Bb3 Nge7 7. Ne2 O-O 8. a3
Bd6 9. d4 e5 10. d5 Na5 11. Ba2 f5 12. exf5 Nxf5 13. b4 Nb7 14. Bb2 e4 15. Nfd4
Nh4 16. Nc3 Qg5 17. g3 e3 18. Ne4 Qg6 19. Qd3 exf2+ 20. Rxf2 Rxf2 21. Nxf2 Qg5
22. Nf3 Nxf3+ 23. Qxf3 a5 24. c3 Nd8 25. Ne4 Qg6 26. c4 c6 27. c5 Bf8 28. Rf1
Nf7 29. dxc6 d5 30. cxd6 Be6 31. Bxe6 Qxe6 32. Nc5 Qg6 33. c7 Nxd6 34. Qxa8 Nf5
35. c8=Q 1-0

[Event "Hamburg Harburg 12th I"]
[Site "Hamburg"]
[Date "2017.08.04"]
[Round "1.4"]
[White "Lohmann, Marten"]
[Black "Lohmann, Tristan"]
[Result "0-1"]
[WhiteElo "910"]
[BlackElo "1010"]
[PlyCount "153"]
[EventDate "2017.08.06"]
[EventType "swiss"]
[EventRounds "5"]
[EventCountry "GER"]
[SourceDate "2017.08.14"]
[WhiteTeam "Hamburger SK von 1830 eV"]
[BlackTeam "Hamburger SK von 1830 eV"]

1. e4 e5 2. Nf3 Nc6 3. d4 exd4 4. Nxd4 Bc5 5. Be3 Qf6 6. c3 Bxd4 7. Bxd4 Nxd4
8. cxd4 c5 9. e5 Qf4 10. Qd2 Qe4+ 11. Qe3 Qxd4 12. Qxd4 cxd4 13. Bc4 Ne7 14.
O-O Nc6 15. Re1 O-O 16. a3 Re8 17. f4 d6 18. Nd2 dxe5 19. fxe5 Rxe5 20. Rxe5
Nxe5 21. Re1 Ng6 22. Re8+ Nf8 23. Be2 b6 24. Bg4 Bb7 25. Re7 Bc6 26. Rc7 Bb5
27. Bf3 Re8 28. Be4 a5 29. Nf3 Rxe4 30. Rb7 d3 31. Rxb6 Ba4 32. Rd6 h6 33. Rxd3
Re2 34. Rd4 Bc6 35. b4 axb4 36. Rxb4 Ra2 37. Rb3 Bd5 38. Rd3 Ra1+ 39. Kf2 Ra2+
40. Kg1 Bxf3 41. Rxf3 Ne6 42. Rb3 Nd4 43. Rb8+ Kh7 44. Ra8 Nc2 45. a4 Ne3 46.
g3 Rg2+ 47. Kh1 Ra2 48. h3 Ra1+ 49. Kh2 Ra2+ 50. Kg1 Nf5 51. Ra7 Nxg3 52. Rxf7
Rxa4 53. Rf3 Ne2+ 54. Kf2 Nd4 55. Re3 Rb4 56. Re4 Nc6 57. Rxb4 Nxb4 58. Kg3 Kg6
59. Kg4 Nd5 60. h4 Nf6+ 61. Kf4 Kh5 62. Kg3 Ng4 63. Kh3 Nh2 64. Kg3 Nf3 65. Kh3
Nxh4 66. Kh2 Kg4 67. Kh1 Nf3 68. Kg2 h5 69. Kh1 h4 70. Kg2 h3+ 71. Kh1 Ng5 72.
Kh2 g6 73. Kh1 Kg3 74. Kg1 Ne6 75. Kh1 g5 76. Kg1 g4 77. Kh1 0-1

[Event "Hamburg Harburg 12th I"]
[Site "Hamburg"]
[Date "2017.08.04"]
[Round "1.2"]
[White "Rennkamp, Johannes"]
[Black "Niemann, Marcel"]
[Result "0-1"]
[WhiteElo "943"]
[BlackElo "1119"]
[PlyCount "76"]
[EventDate "2017.08.06"]
[EventType "swiss"]
[EventRounds "5"]
[EventCountry "GER"]
[SourceDate "2017.08.14"]
[WhiteTeam "SC Turm LÃ¼neburg e.V."]
[BlackTeam "SK Ricklingen"]

1. d4 d5 2. c4 dxc4 3. Nf3 Bg4 4. e3 b5 5. a4 c6 6. Nc3 Qa5 7. Bd2 b4 8. Na2 e6
9. Bxc4 Nf6 10. h3 Bh5 11. Be2 Ne4 12. Ne5 Bxe2 13. Qxe2 Nxd2 14. Qxd2 Bd6 15.
Nd3 O-O 16. Naxb4 Rc8 17. O-O Na6 18. Rfc1 Nxb4 19. Rc4 Rab8 20. Ra3 Qb6 21.
Rb3 a5 22. Qc3 Rb7 23. e4 f6 24. f3 Qc7 25. Nc5 Bxc5 26. Rxc5 Rcb8 27. Qc4 Kf7
28. e5 f5 29. f4 Nd5 30. Rxc6 Qd8 31. Rd6 Qe7 32. Rg3 Rxb2 33. Qa6 Nxf4 34. Qc6
R8b7 35. Qc8 Ne2+ 36. Kh2 Nxg3 37. Kxg3 Qg5+ 38. Kf3 R7b3+ 0-1

[Event "Hamburg Harburg 12th I"]
[Site "Hamburg"]
[Date "2017.08.04"]
[Round "1.3"]
[White "Rennkamp, David"]
[Black "Lohmann, Rene Alexander"]
[Result "1/2-1/2"]
[WhiteElo "1012"]
[BlackElo "940"]
[PlyCount "49"]
[EventDate "2017.08.06"]
[EventType "swiss"]
[EventRounds "5"]
[EventCountry "GER"]
[SourceDate "2017.08.14"]
[WhiteTeam "SC Turm LÃ¼neburg e.V."]
[BlackTeam "SK Wilhelmsburg 1936 eV"]

1. d4 d5 2. c4 e6 3. Nf3 Nf6 4. Bg5 Nbd7 5. e3 c6 6. Nc3 Qa5 7. a3 Ne4 8. b4
Nxc3 9. bxa5 Nxd1 10. Rxd1 Bxa3 11. Rb1 Bd6 12. c5 Bc7 13. Ra1 O-O 14. Bd3 Re8
15. Bf4 Bd8 16. O-O f6 17. Bd6 e5 18. dxe5 fxe5 19. e4 Bf6 20. Rfe1 Nb8 21. h4
Na6 22. Ra4 d4 23. Ng5 h6 24. Bc4+ Kh8 25. Bf7 1/2-1/2

[Event "Hamburg Harburg 12th I"]
[Site "Hamburg"]
[Date "2017.08.05"]
[Round "2.3"]
[White "Krueger, Dietrich"]
[Black "Rennkamp, David"]
[Result "1/2-1/2"]
[WhiteElo "1305"]
[BlackElo "1012"]
[PlyCount "69"]
[EventDate "2017.08.06"]
[EventType "swiss"]
[EventRounds "5"]
[EventCountry "GER"]
[SourceDate "2017.08.14"]
[WhiteTeam "Barmbeker SK 1926 eV"]
[BlackTeam "SC Turm Lüneburg e.V."]

1. Nf3 d5 2. d4 Bg4 3. e3 Nf6 4. Be2 Nc6 5. c4 dxc4 6. Bxc4 a6 7. h3 Bh5 8.
Nbd2 b5 9. Bb3 e6 10. Qc2 Qd7 11. a4 Ra7 12. Qd3 Nb4 13. Qe2 c6 14. O-O Bd6 15.
e4 Bf4 16. g4 Bxd2 17. Bxd2 e5 18. Bxb4 Bxg4 19. Bc5 Bxh3 20. Nxe5 Bxf1 21.
Rxf1 Qc7 22. Bxa7 Qxa7 23. Bxf7+ Kf8 24. Rc1 Qxd4 25. Nxc6 Qxa4 26. e5 Kxf7 27.
exf6 gxf6 28. Qe7+ Kg6 29. f3 Qf4 30. Qe4+ Kg5 31. Qxf4+ Kxf4 32. Kf2 Rc8 33.
Ke2 h5 34. Kd2 Kxf3 35. Nd4+ {Das ist wirklich Remis gegeben worden.} 1/2-1/2

[Event "Hamburg Harburg 12th I"]
[Site "Hamburg"]
[Date "2017.08.05"]
[Round "2.1"]
[White "Lohmann, Tristan"]
[Black "Torres, Bryan Jonnel"]
[Result "0-1"]
[WhiteElo "1010"]
[BlackElo "1125"]
[PlyCount "87"]
[EventDate "2017.08.06"]
[EventType "swiss"]
[EventRounds "5"]
[EventCountry "GER"]
[SourceDate "2017.08.14"]
[WhiteTeam "Hamburger SK von 1830 eV"]
[BlackTeam "SC Diogenes e.V."]

1. e4 e5 2. Nf3 Nc6 3. Bc4 Bc5 4. Nc3 Nf6 5. d3 d6 6. Bg5 O-O 7. Nd5 Bg4 8. h3
Be6 9. Nxf6+ gxf6 10. Bh6 Re8 11. Nd2 Ne7 12. h4 f5 13. exf5 Nxf5 14. Bg5 f6
15. Be3 Bxe3 16. fxe3 Nxe3 17. Bxe6+ Rxe6 18. g3 f5 19. Qc1 d5 20. Nf1 Nxf1 21.
Rxf1 f4 22. Rg1 Kf7 23. Qd2 fxg3 24. Rxg3 Qxh4 25. Qg5 Qxg5 26. Rxg5 Rg8 27.
Rxg8 Kxg8 28. Kd2 Kf7 29. Rf1+ Rf6 30. Rh1 h6 31. Ke2 c5 32. Rf1 Rxf1 33. Kxf1
Ke6 34. Ke2 b5 35. c3 d4 36. cxd4 exd4 37. Kf3 Kd5 38. Kg4 c4 39. dxc4+ bxc4
40. Kf3 h5 41. Ke2 h4 42. Kf2 d3 43. Ke1 h3 44. Kf1 0-1

[Event "Hamburg Harburg 12th I"]
[Site "Hamburg"]
[Date "2017.08.05"]
[Round "2.4"]
[White "Lohmann, Rene Alexander"]
[Black "Rennkamp, Johannes"]
[Result "1/2-1/2"]
[WhiteElo "940"]
[BlackElo "943"]
[PlyCount "102"]
[EventDate "2017.08.06"]
[EventType "swiss"]
[EventRounds "5"]
[EventCountry "GER"]
[SourceDate "2017.08.14"]
[WhiteTeam "SK Wilhelmsburg 1936 eV"]
[BlackTeam "SC Turm Lüneburg e.V."]

1. d4 d5 2. c4 c6 3. Nc3 e6 4. Nf3 Bb4 5. Qa4 Bxc3+ 6. bxc3 Bd7 7. cxd5 cxd5 8.
Qb4 Qb6 9. Ba3 Qxb4 10. Bxb4 Nf6 11. Nd2 Na6 12. Ba3 Rc8 13. Rc1 Bb5 14. Rb1
Rxc3 15. Rxb5 Rxa3 16. Rxb7 O-O 17. e3 Ra8 18. Bxa6 Rxa6 19. Rb2 Rc6 20. O-O g6
21. f3 Rac8 22. Nb3 Rb6 23. Rfb1 Rcb8 24. Rf2 Rc8 25. Rbf1 Rbc6 26. Nc5 R8c7
27. h3 Nd7 28. Nxd7 Rxd7 29. e4 Rc4 30. exd5 Rxd5 31. g4 Rcxd4 32. f4 h6 33. f5
exf5 34. gxf5 gxf5 35. Rxf5 Rxf5 36. Rxf5 Ra4 37. Rf2 Kg7 38. Rg2+ Kf6 39. Rf2+
Ke5 40. Rxf7 Rxa2 41. Rh7 Ra6 42. Kg2 Rg6+ 43. Kh2 Kd6 44. Rxa7 Ke5 45. Ra5+
Kf6 46. Ra6+ Kg7 47. Rxg6+ Kxg6 48. Kg3 h5 49. h4 Kf5 50. Kf3 Kg6 51. Kg3 Kh6
1/2-1/2

[Event "Hamburg Harburg 12th I"]
[Site "Hamburg"]
[Date "2017.08.05"]
[Round "2.2"]
[White "Niemann, Marcel"]
[Black "Detjen, Mattes"]
[Result "1-0"]
[WhiteElo "1119"]
[BlackElo "890"]
[PlyCount "63"]
[EventDate "2017.08.06"]
[EventType "swiss"]
[EventRounds "5"]
[EventCountry "GER"]
[SourceDate "2017.08.14"]
[WhiteTeam "SK Ricklingen"]
[BlackTeam "SF Lilienthal von 1971"]

1. e4 e5 2. Nf3 Nc6 3. Bb5 a6 4. Bxc6 dxc6 5. O-O f6 6. Nc3 Bg4 7. h3 Bh5 8. d3
Bc5 9. Re1 Qd7 10. Be3 Bb6 11. Bxb6 cxb6 12. Re3 Ne7 13. Ne2 O-O 14. c3 Rad8
15. Qb3+ Kh8 16. Qxb6 Rb8 17. d4 exd4 18. Qxd4 Qe8 19. Qb4 Qd8 20. Ned4 Bf7 21.
Ree1 Qd7 22. Rad1 Qc7 23. c4 c5 24. Qa4 cxd4 25. Rxd4 Be8 26. Qa3 Bf7 27. b3
Ra8 28. Red1 b5 29. Rd7 Qb8 30. Qxe7 bxc4 31. bxc4 Bxc4 32. Qxg7# 1-0

[Event "Hamburg Harburg 12th I"]
[Site "Hamburg"]
[Date "2017.08.05"]
[Round "3.2"]
[White "Rennkamp, David"]
[Black "Lohmann, Marten"]
[Result "1/2-1/2"]
[WhiteElo "1012"]
[BlackElo "910"]
[PlyCount "27"]
[EventDate "2017.08.06"]
[EventType "swiss"]
[EventRounds "5"]
[EventCountry "GER"]
[SourceDate "2017.08.14"]
[WhiteTeam "SC Turm LÃ¼neburg e.V."]
[BlackTeam "Hamburger SK von 1830 eV"]

1. d4 d5 2. c4 Nf6 3. Nf3 Bf5 4. Bf4 Nc6 5. e3 e6 6. Nc3 Bb4 7. a3 Bxc3+ 8.
bxc3 O-O 9. Bd3 Be4 10. O-O Qe7 11. Ne5 h6 12. h3 Bf5 13. Bxf5 exf5 14. Qd3 {
Rest unleserlich/30.} 1/2-1/2

[Event "Hamburg Harburg 12th I"]
[Site "Hamburg"]
[Date "2017.08.05"]
[Round "3.4"]
[White "Rennkamp, Johannes"]
[Black "Lohmann, Tristan"]
[Result "0-1"]
[WhiteElo "943"]
[BlackElo "1010"]
[PlyCount "66"]
[EventDate "2017.08.06"]
[EventType "swiss"]
[EventRounds "5"]
[EventCountry "GER"]
[SourceDate "2017.08.14"]
[WhiteTeam "SC Turm Lüneburg e.V."]
[BlackTeam "Hamburger SK von 1830 eV"]

1. d4 d5 2. c4 Nf6 3. cxd5 Nxd5 4. e4 Nb6 5. Nc3 e6 6. Bf4 Bb4 7. Nf3 O-O 8.
Qc2 Nc6 9. Bd3 Nxd4 10. Nxd4 Qxd4 11. O-O Bxc3 12. bxc3 Qa4 13. Bxc7 Qxc2 14.
Bxc2 Bd7 15. Rae1 Bb5 16. h3 Bxf1 17. Kxf1 Rfc8 18. Be5 Rd8 19. Ra1 Nc4 20. Bh2
Rdc8 21. Kg1 Na3 22. Bb3 Rxc3 23. Rd1 Rac8 24. Bf4 e5 25. Be3 a6 26. Kh2 Nc2
27. Bd2 Rd3 28. g3 Rcd8 29. Bxc2 Rxd2 30. Rb1 Rxc2 31. Rxb7 Rxf2+ 32. Kg1 Rc2
33. Ra7 Rd1# {Ab Zug 19 war die Mitschrift unvollstÃNndig und inkorrekt.} 0-1

[Event "Hamburg Harburg 12th I"]
[Site "Hamburg"]
[Date "2017.08.05"]
[Round "3.1"]
[White "Torres, Bryan Jonnel"]
[Black "Niemann, Marcel"]
[Result "1-0"]
[WhiteElo "1125"]
[BlackElo "1119"]
[PlyCount "91"]
[EventDate "2017.08.06"]
[EventType "swiss"]
[EventRounds "5"]
[EventCountry "GER"]
[SourceDate "2017.08.14"]
[WhiteTeam "SC Diogenes e.V."]
[BlackTeam "SK Ricklingen"]

1. e4 e5 2. Nf3 Nc6 3. Bc4 Bc5 4. c3 Nf6 5. d4 exd4 6. e5 Ng4 7. cxd4 Bb4+ 8.
Bd2 Bxd2+ 9. Nbxd2 O-O 10. O-O d6 11. exd6 Qxd6 12. Nb3 Bf5 13. h3 Nf6 14. Qd2
Qb4 15. Qxb4 Nxb4 16. Rfe1 Nc2 17. Re7 Nxa1 18. Nxa1 Nd7 19. Nb3 Rae8 20. Bxf7+
Rxf7 21. Rxe8+ Rf8 22. Rxf8+ Kxf8 23. Nc5 b6 24. Nxd7+ Bxd7 25. g4 h6 26. Kg2
Bc6 27. Kg3 g5 28. Ne5 Bd5 29. a3 Ke7 30. h4 Kd6 31. hxg5 hxg5 32. Nf3 Bxf3 33.
Kxf3 Kd5 34. Ke3 c6 35. f4 gxf4+ 36. Kxf4 Ke6 37. g5 a6 38. b3 a5 39. Kg4 Kf7
40. Kf5 b5 41. b4 axb4 42. axb4 Kg7 43. g6 Kf8 44. Kf6 Kg8 45. g7 c5 46. dxc5
1-0

[Event "Hamburg Harburg 12th I"]
[Site "Hamburg"]
[Date "2017.08.05"]
[Round "3.3"]
[White "Detjen, Mattes"]
[Black "Lohmann, Rene Alexander"]
[Result "1/2-1/2"]
[WhiteElo "890"]
[BlackElo "940"]
[PlyCount "66"]
[EventDate "2017.08.06"]
[EventType "swiss"]
[EventRounds "5"]
[EventCountry "GER"]
[SourceDate "2017.08.14"]
[WhiteTeam "SF Lilienthal von 1971"]
[BlackTeam "SK Wilhelmsburg 1936 eV"]

1. e4 d5 2. exd5 Nf6 3. Nc3 c6 4. dxc6 Nxc6 5. Bc4 Bg4 6. Nf3 e5 7. d3 Bb4 8.
Bd2 O-O 9. h3 Bf5 10. Qe2 Re8 11. O-O-O Nd4 12. Qf1 Nxf3 13. gxf3 Bd7 14. Bg5
Be7 15. Rg1 Rc8 16. Bh6 g6 17. Qg2 a6 18. Rde1 b5 19. Bb3 Qc7 20. Qh2 Bd6 21.
Qg2 Be6 22. Qg5 Nh5 23. Qxh5 Bxb3 24. axb3 b4 25. Qh4 Re6 26. Rg4 bxc3 27. Rc4
cxb2+ 28. Kxb2 Qd7 29. Rxc8+ Qxc8 30. d4 Be7 31. Qg4 Bf6 32. d5 e4+ 33. Kc1 (
33. Kc1 Re8 34. Rxe4 Qb8 $18 (34... Bg7 35. Bxg7 Kxg7 36. Qxc8 Rxc8 37. c4) 35.
d6) 33... Re8 1/2-1/2

[Event "Hamburg Harburg 12th I"]
[Site "Hamburg"]
[Date "2017.08.06"]
[Round "4.4"]
[White "Lohmann, Marten"]
[Black "Krueger, Dietrich"]
[Result "1-0"]
[WhiteElo "910"]
[BlackElo "1007"]
[PlyCount "107"]
[EventDate "2017.08.06"]
[EventType "swiss"]
[EventRounds "5"]
[EventCountry "GER"]
[SourceDate "2017.08.14"]
[WhiteTeam "Hamburger SK von 1830 eV"]
[BlackTeam "Barmbeker SK 1926 eV"]

1. e4 Nc6 2. Nf3 e5 3. d4 exd4 4. Nxd4 Bc5 5. Be3 d6 6. Nxc6 bxc6 7. Bxc5 dxc5
8. Qxd8+ Kxd8 9. Nc3 Rb8 10. Rb1 Nf6 11. Bc4 Rf8 12. O-O Rb4 13. b3 Be6 14.
Bxe6 fxe6 15. Rbd1+ Kc8 16. Rfe1 Ng4 17. f3 Nf6 18. Rd2 Rd4 19. Red1 e5 20. Ne2
Rxd2 21. Rxd2 Kb7 22. Nc3 Kb6 23. a3 a5 24. Na4+ Kb5 25. Rd3 c4 26. Rc3 cxb3
27. cxb3 h5 28. Rc5+ Ka6 29. Rxe5 Rb8 30. Nc5+ Ka7 31. h3 Rb5 32. f4 Kb6 33.
Na4+ Ka7 34. Rxb5 cxb5 35. Nc5 Kb6 36. b4 Kc6 37. Kf2 axb4 38. axb4 Nd7 39. Nd3
Kd6 40. Ke3 c5 41. g4 hxg4 42. hxg4 cxb4 43. Nxb4 Kc5 44. Nd3+ Kc4 45. e5 b4
46. e6 Nf6 47. g5 Ne8 48. e7 Kc3 49. Ke4 b3 50. f5 b2 51. Nxb2 Kxb2 52. Ke5 Kc3
53. f6 gxf6+ 54. gxf6 1-0